যোগাশ্রয়ী বীজগণিত / (Record no. 47439)
[ view plain ]
| 000 -LEADER | |
|---|---|
| fixed length control field | 00887nam a2200217 a 4500 |
| 001 - CONTROL NUMBER | |
| control field | 47439 |
| 003 - CONTROL NUMBER IDENTIFIER | |
| rucl marc code | BD-RjUL |
| 005 - DATE AND TIME OF LATEST TRANSACTION | |
| control field | 20211209054320.0 |
| 008 - FIXED-LENGTH DATA ELEMENTS--GENERAL INFORMATION | |
| fixed length control field | 160808b1969 B ||||| b||| 001 0 ben d |
| 035 ## - SYSTEM CONTROL NUMBER | |
| System control number | (BD-RjUL)47558 |
| 040 ## - CATALOGING SOURCE | |
| Original cataloging agency | BD-RjUL |
| Language of cataloging | eng |
| Transcribing agency | BD-RjUL |
| 041 ## - LANGUAGE CODE | |
| Language code of text/sound track or separate title | ben |
| 082 ## - DEWEY DECIMAL CLASSIFICATION NUMBER | |
| Edition number | 23 |
| Classification number | 512.5 |
| Author mark and year | RAY 1969 |
| 100 1# - MAIN ENTRY--PERSONAL NAME | |
| Personal name | রহমান, মুহাম্মদ হাবিবুর |
| 9 (RLIN) | 144267 |
| 245 10 - TITLE STATEMENT | |
| Title | যোগাশ্রয়ী বীজগণিত / |
| Statement of responsibility, etc. | মুহাম্মদ হাবিবুর রহমান |
| 260 ## - PUBLICATION, DISTRIBUTION, ETC. (IMPRINT) | |
| Place of publication, distribution, etc. | ঢাকা : |
| Name of publisher, distributor, etc. | কেন্দ্রীয় বাংলা উন্নয়ন-বোর্ড, |
| Date of publication, distribution, etc. | ১৯৬৯ |
| 300 ## - PHYSICAL DESCRIPTION | |
| Pagination | [১৪], ৪৩২ পৃ. : |
| Illustrations | চিত্র ; |
| Size | ১৯ সেমি. |
| 650 ## - SUBJECT ADDED ENTRY--TOPICAL TERM | |
| Topical term or geographic name as entry element | যোগাশ্রয়ী বীজগণিত |
| 9 (RLIN) | 144268 |
| Topical term or geographic name as entry element | Linear algebra |
| 9 (RLIN) | 144269 |
| 942 ## - ADDED ENTRY ELEMENTS (KOHA) | |
| Source of classification or shelving scheme | Dewey Decimal Classification |
| Koha item type | Books |
| Lost status | Source of classification or shelving scheme | Damaged status | Not for loan | Collection code | Permanent Location | Current Location | Shelving location | Date acquired | Source of acquisition | Cost, normal purchase price | Total Checkouts | Full call number | Date last seen | Copy number | Koha item type |
|---|---|---|---|---|---|---|---|---|---|---|---|---|---|---|---|
| Dewey Decimal Classification | Not For Loan | Non-fiction | Central Library, University of Rajshahi | Central Library, University of Rajshahi | Rare Book Section | 01/11/1969 | Costal board | 9.00 | B 512.5 RAY 1969 | 08/08/2016 | C-1 | Books | |||
| Dewey Decimal Classification | Non-fiction | Central Library, University of Rajshahi | Central Library, University of Rajshahi | 01/11/1969 | Costal board | 9.00 | B 512.5 RAY 1969 | 08/08/2016 | C-2 | Books | |||||
| Dewey Decimal Classification | Non-fiction | Central Library, University of Rajshahi | Central Library, University of Rajshahi | 01/11/1969 | Costal board | 9.00 | B 512.5 RAY 1969 | 08/08/2016 | C-3 | Books | |||||
| Dewey Decimal Classification | Non-fiction | Central Library, University of Rajshahi | Central Library, University of Rajshahi | 01/11/1969 | Costal board | 9.00 | B 512.5 RAY 1969 | 08/08/2016 | C-4 | Books | |||||
| Dewey Decimal Classification | Non-fiction | Central Library, University of Rajshahi | Central Library, University of Rajshahi | 01/11/1969 | Costal board | 9.00 | B 512.5 RAY 1969 | 08/08/2016 | C-5 | Books | |||||
| Dewey Decimal Classification | Non-fiction | Central Library, University of Rajshahi | Central Library, University of Rajshahi | 01/11/1969 | Costal board | 9.00 | B 512.5 RAY 1969 | 08/08/2016 | C-6 | Books | |||||
| Dewey Decimal Classification | Non-fiction | Central Library, University of Rajshahi | Central Library, University of Rajshahi | 01/11/1969 | Costal board | 9.00 | B 512.5 RAY 1969 | 08/08/2016 | C-7 | Books | |||||
| Dewey Decimal Classification | Non-fiction | Central Library, University of Rajshahi | Central Library, University of Rajshahi | 01/11/1969 | Costal board | 9.00 | B 512.5 RAY 1969 | 08/08/2016 | C-8 | Books | |||||
| Dewey Decimal Classification | Non-fiction | Central Library, University of Rajshahi | Central Library, University of Rajshahi | 01/11/1969 | Costal board | 9.00 | B 512.5 RAY 1969 | 08/08/2016 | C-9 | Books | |||||
| Dewey Decimal Classification | Non-fiction | Central Library, University of Rajshahi | Central Library, University of Rajshahi | 01/11/1969 | Costal board | 9.00 | B 512.5 RAY 1969 | 08/08/2016 | C-10 | Books |